000 00792nam a2200253Ia 4500
003 OSt
005 20220918171024.0
006 a|||||r|||| 00| 0
007 ta
008 220917b |||||||| |||| 00| 0 eng d
020 _a9781137537140 (hbk)
_c6780.96
024 _a288,588
037 _b072, 29/12/2015, Better Book Services
_cTextual
040 _aARTS
_cARTS
_beng
041 _2eng
_aeng
082 _aV44Q71.P1, Q5
100 _aAlam S. M. Shamsul
_933217
245 0 _aGovernmentality and counter - hegemony in Bangladesh
260 _aNew York
_bPalgrave Macmillan U.S.A
_c2015
300 _ax, 218p.
_ccm.
650 _aHISTORY
942 _hV44Q71.P1, Q5
_cTEXL
_2CC
999 _c137338
_d137338